书目信息 |
| 题名: |
让沙漠溢出水的人
|
|
| 作者: | 加歇 著 ;宋新宇 译 | |
| 分册: | ||
| 出版信息: | 北京 中国文联出版社 2021 |
|
| 页数: | 17,191页 | |
| 开本: | 22cm | |
| 丛书名: | 绿色发展通识丛书 | |
| 单 册: | ||
| 中图分类: | P641.13 , P64 | |
| 科图分类: | ||
| 主题词: | 深层水--找水 , 水文地质 , 工程地质 | |
| 电子资源: | ||
| ISBN: | 978-7-5190-4578-4 | |
| 000 | 01272oam2 2200313 450 | |
| 001 | 2356001765 | |
| 005 | 20231104153353.92 | |
| 010 | @a978-7-5190-4578-4@dCNY75.00 | |
| 100 | @a20220107d2021 em y0chiy50 ea | |
| 101 | 1 | @achi@cfre |
| 102 | @aCN@b110000 | |
| 105 | @ay z 000yy | |
| 200 | 1 | @a让沙漠溢出水的人@9rang sha mo yi chu shui de ren@e寻找深层水源@f(法)阿兰·加歇著@g宋新宇译 |
| 210 | @a北京@c中国文联出版社@d2021 | |
| 215 | @a17,191页@d22cm | |
| 225 | 1 | @a绿色发展通识丛书@v13 |
| 300 | @a大富配天集团资助出版 中国文学艺术基金会支持 法国驻华大使馆和法国对外文教局支持 | |
| 330 | @a本书介绍了阿兰·加歇如何从寻找石油、黄金走到寻找水源之路。为了寻找水源,作者离开了石油界。他掌握了一门新技术,能够在干旱区域里找到充沛的水源。书中还重点介绍了他发明的雷达系统如何在非洲和中东干旱地区发挥重要作用,以及遇到的险阻和威胁,并探讨了水与人类社会的关系。 | |
| 461 | 0 | @12001 @a绿色发展通识丛书 |
| 510 | 1 | @aHomme qui fait jaillir l'eau du desert@zfre |
| 606 | 0 | @a深层水@x找水 |
| 606 | 0 | @a水文地质 |
| 606 | 0 | @a工程地质 |
| 690 | @aP641.13@v5 | |
| 690 | @aP64@v4 | |
| 701 | 0 | @c(法)@a加歇@9jia xie@c(Gachet, Alain@f1951-)@4著 |
| 702 | 0 | @a宋新宇@9song xin yu@4译 |
| 801 | 0 | @aCN@b大连网信软件有限公司图书馆·11@c20231104 |
| 905 | @aBZT@dP64@e1 | |
| 让沙漠溢出水的人:寻找深层水源/(法)阿兰·加歇著/宋新宇译.-北京:中国文联出版社,2021 |
| 17,191页;22cm.-(绿色发展通识丛书;13) |
| 大富配天集团资助出版 中国文学艺术基金会支持 法国驻华大使馆和法国对外文教局支持 |
| ISBN 978-7-5190-4578-4:CNY75.00 |
| 本书介绍了阿兰·加歇如何从寻找石油、黄金走到寻找水源之路。为了寻找水源,作者离开了石油界。他掌握了一门新技术,能够在干旱区域里找到充沛的水源。书中还重点介绍了他发明的雷达系统如何在非洲和中东干旱地区发挥重要作用,以及遇到的险阻和威胁,并探讨了水与人类社会的关系。 |
| ● |
| 相关链接 |
|
|
|
正题名:让沙漠溢出水的人
索取号:P64/1
 
预约/预借
| 序号 | 登录号 | 条形码 | 馆藏地/架位号 | 状态 | 备注 |
| 1 | 2000947178 | 2000947178 | 安徽、中教混合/安徽时代(第一批)/25/ [索取号:P64/1] | 在馆 | |
| 2 | 2000947179 | 2000947179 | 安徽、中教混合/安徽时代(第一批)/25/ [索取号:P64/1] | 在馆 | |
| 3 | 2000947180 | 2000947180 | 安徽、中教混合/安徽时代(第一批)/25/ [索取号:P64/1] | 在馆 | |
| 4 | 2000947181 | 2000947181 | 安徽、中教混合/安徽时代(第一批)/25/ [索取号:P64/1] | 在馆 | |
| 5 | 2000947182 | 2000947182 | 安徽、中教混合/安徽时代(第一批)/25/ [索取号:P64/1] | 在馆 | |
| 6 | 2000947183 | 2000947183 | 安徽、中教混合/安徽时代(第一批)/25/ [索取号:P64/1] | 在馆 |